| 000 | 01060nam a2200217Ia 4500 | ||
|---|---|---|---|
| 001 | 19838 | ||
| 003 | GE_BSU | ||
| 008 | 181216s||||||||xx |||||||||||||| ||und|| | ||
| 040 | _cGE_BSU | ||
| 080 | _a02 | ||
| 245 | _aბიბლიოთეკა და რელიგიური განათლება. მეთოდურ-ინსტრუქციული წერილი ბიბლიოთეკების დასახმარებლად | ||
| 245 | _cშემდგ. ნ. ქავთარაძე. რედ. გ. თაყნიაშვილი | ||
| 260 | _aთბილისი | ||
| 260 | _c2006 | ||
| 300 | _a27გვ. | ||
| 541 | _h2ლ. 65თ. | ||
| 653 | _aSTUDENT S' Book | ||
| 653 | _aბიბლიოთეკა და რელიგიური განათლება. მეთოდურ-ინსტრუქციული წერილი ბიბლიოთეკების დასახმარებლად | ||
| 653 | _aბიბლიოთეკარი | ||
| 942 | _cBK | ||
| 999 |
_c52808 _d52808 |
||